000
00278 a2200121 4500
001
64546
082
_a
891.4393 QUD
090
_c
38174
_d
38174
100
_a
Qudsia,Bano
245
_a
Baazgusht
_h
Urdu
260
_a
Lahore
_b
Sang-e-Meel Publications
_c
2003
300
_a
299p.
942
_a
NUST-CAE
_k
891.4393 QUD
999
_c
299619
_d
299619